000 00422nam a22001697a 4500
005 20160628121717.0
008 160628b xxu||||| |||| 00| 0 eng d
020 _a81-7273-236-8
041 _aeng
082 _b10769
100 _aChakar varthy, Jagdish
_93039
245 _aNet, Media and the Mass Communication
260 _bAuthors Press
_c2005
300 _a229
650 _aMass Communication
_92660
942 _cBK
999 _c4409
_d4408